000 00621nas a2200229Ia 4500
001 A03/R028-45075
003 IT-MiCISF
005 20241223141145.0
008 161014c99999999xx |||||||||||| ||und||
040 _aIT-MiCISF
_cIT-MiCISF
041 _ait
100 _aLelli Gino, Sorcinelli Andrea
_957774
245 0 _aMutamenti sociali ed esigenze dell'infanzia
250 _a"La famiglia", n. 242, ottobre-dicembre
260 _c2007
300 _app. 89-92
500 _afamiglia, cambiamenti-famiglia, problemi-infanzia
650 _aFamiglia
654 _aarticolo
942 _cCR
_2ddc
999 _c235573
_d235573
999 _bSi